Global Muslim Population by Mother Tongue - Statistics

General Stats
  • This quiz has been taken 152 times
  • The average score is 12 of 25
Answer Stats
% of speakers that are Muslim Number of Muslims Language % Correct
97.9% 56 million Farsi Persian
92%
98.9% 81 million Turkish
81%
61.9% 125 million Bengali
80%
99.9% 16 million Malay
76%
98% 69 million Urdu
76%
99.8% 28 million Pashto
67%
93.4% 87 million Western Punjabi
65%
90.3% 52 million Egyptian Arabic
61%
87% 38 million Indonesian
60%
100% 16 million Somali
58%
81.2% 56 million Javanese
56%
74.4% 24 million North Levantine Arabic
56%
96.9% 25 million Uzbek
56%
99.7% 28 million Moroccan Arabic
49%
98.1% 35 million Algerian Arabic
48%
98.2% 18 million Mesopotamian Arabic
44%
87.1% 22 million Sindhi
35%
98.2% 44 million Hausa
31%
96.2% 33 million Sudanese Arabic
30%
97% 31 million Sunda
28%
99.4% 15 million Tajik
28%
99.5% 24 million Hejazi Arabic
8%
82.7% 18 million Saidi Arabic
3%
100% 15 million Deccan
1%
96% 16 million Seraiki
1%
No matching quizzes found
Score Distribution
Percent of People with Each Score
Percentile by Number Answered
Your Score History
You have not taken this quiz